000 00226nam a22000857a 4500
008 160706b xxu||||| |||| 00| 0 eng d
100 _92314
_a Prakash, V
245 _aIt Won't Work
260 _aNew Delhi
_bDreamland Publication
_c2004
999 _c1991
_d1991